000 00618nam a2200229Ia 4500
003 OSt
005 20221007075607.0
006 a|||||r|||| 00| 0
007 ta
008 221006b |||||||| |||| 00| 0 eng d
024 _a10,843
037 _cTextual
040 _aFLL
_cFLL
_beng
041 _2eng
_aeng
082 _aQ7:4192, M1
100 _aAhmad Imtiaz
_9193750
245 0 _aRitual and religion among muslims in India
260 _aNew Delhi
_bManohar Publications India
_c1981
300 _a246p
_ccm.
942 _hQ7:4192, M1
_cTEXL
_2CC
999 _c1156678
_d1156678